000
00288nam a2200109Ia 4500
082
_a
796.3340968 VORS
245
0
_a
Vorster,Christiaan
100
_a
The real soccer fields of South Africa
_9
21423
942
_c
BK
020
_a
9780986975400"
008
210816s9999 xx 000 0 und d
999
_c
90053
_d
90052